000 00556cam a2200217ua 4500
001 9443
005 20260515114452.0
008 150910n ii |||gr||||Z||||||asm
020 _a8173311013
040 _cMAIN
041 _aasm
082 _a500
100 _aGoswami, Dinesh Chandra,
_eAuthor.
245 1 0 _aBijnanor bichitra jagat(2)
_cby Dinesh Chandra Goswami
250 _a2nd ed.
260 _aGuwahati:
_bLawyers book stall,
_c2011.
300 _a164p.
653 _aNatural sciences & mathematics
653 _aPopular science
942 _cBK
999 _c8487
_d8487